Pokémon - Personnages de la 9g - Statistiques

Statistiques générales
  • Ce quiz a été pris 103 fois
    28 depuis la dernière actualisation
  • Le résultat moyen est 38 sur 70
Statistiques - réponses
Par images Réponse % Correct
Mashynn
100%
Cayenn
90%
Menzi
90%
Pepper
90%
Alisma
80%
Clavel
80%
Colza
80%
Éra
80%
Grusha
80%
Kassis
80%
Kombu
80%
Laïm
80%
Meloco
80%
Okuba
80%
Pania
80%
Popi
80%
Professeur Turum
80%
Rose
80%
Roseille
80%
Taro
80%
Tully
80%
Brome
70%
Rubépin
70%
Bria
60%
Erio
60%
Professeure Olim
60%
Taragon
60%
Corvault
50%
Florian
50%
Hassa
50%
Irido
50%
Juliana
50%
Lithia
50%
Musquat
50%
Narica
50%
Nivis
50%
Ortiga
50%
Saguaro
50%
Thaïm
50%
Violine
50%
Albia
40%
Aubin
40%
Boro
40%
Bridjet
40%
Cendrie
40%
Cendro
40%
Cety
40%
Cyano
40%
Élige
40%
Inno
40%
Jacq
40%
Mimosa
40%
Mora
40%
Nèflie
40%
Nérine
40%
Anya
30%
Bruyer
30%
Gypso
30%
Harmony
30%
Jeffry Andise
30%
Milio
30%
Naire
30%
Neva
30%
Paxton
30%
Rudi
30%
Salvio
30%
Chester
20%
Cronie
20%
Delphie
20%
Harrington
20%
Aucun quiz correspondant
Distribution des résultats
% des personnes avec chaque résultat
Percentile par nombre de réponses
Votre historique - résultats
Vous n’avez pas pris ce quiz depuis la dernière actualisation